000 nam a22 a 4500
999 _c4732
_d4732
003 AKMAL
005 20170801111447.0
008 1 s2 my | e l 000 0 eng d
020 _cRM37.00
040 _aAKMAL
082 0 4 _a343.595032 MAL
_222
090 0 0 _a343.595032
_bMAL
110 1 _aMalaysia
_9400
240 1 0 _aAkta Kawalan Pertukaran Wang, 1953.
_lEnglish
245 1 0 _aExchange Control Act 1953 (Act 17) :
_b(as at 2005) /
_ccompiled by Legal Research Board
260 _aKuala Lumpur :
_bMDC Publishers Sdn. Bhd,
_c2017
300 _a51p. ;
_c24cm.
490 1 _aLaws of Malaysia
599 _aDALAM PROSES
650 1 0 _aMonetary policy
_xLaw and legislation
_zMalaysia
_99054
650 2 0 _aForeign exchange
_xLaw and legislation
_zMalaysia
_98755
710 2 _aLembaga Penyelidikan Undang-Undang
_99055
830 0 _aLaws of Malaysia
_91830
942 _2ddc
_cBOOK